000 00653nam a2200301Ia 4500
005 20260401122127.0
008 008 250103s9999 xx 000 0 eng d
020 _a8120804503
037 _aTB
040 _aEDL
040 _beng
040 _cEDL
041 _2eng
041 _aeng
084 _a891.21 WAR
084 _qEDL
100 _aWarder, A.K.
245 0 _aIndian Kavya Literature: Bold Style
245 0 _cWarder, A.K.
260 _aDelhi
260 _bMotilal Banarsidass
260 _c1998
300 _a891p
942 _cTB
942 _h891.21 WAR
999 _c1845107
_d1845107